• 首页
  • 本馆介绍
  • 公告通知
  • 最新文献
  • 馆藏检索
  • 电子资源
  • 读者导购
  • 参考咨询
  • 我的图书馆
  • 登录
  • 详细信息显示
  • 放入我的书架
  • 预约/预借图书
  • 作者相关作品
  • 分类相关作品
  • 丛书相关作品
  • 出版社相关作品

书目信息

  • 表格格式
  • 工作单格式
  • 卡片格式
题名:
大数据驱动的智能车间运行分析与决策方法
    
 
作者: 张洁 , 秦威 , 高亮 著
分册:  
出版信息: 武汉   华中科技大学出版社  2020
页数: 249页
开本: 24cm
丛书名: 智能制造与机器人理论及技术研究丛书
单 册:
中图分类: F406.6 , F406
科图分类:
主题词: 车间管理--智能制造系统--研究
电子资源:
ISBN: 978-7-5680-6210-7
000 01403nam0 2200289 450
001 2258720907
005 20220928161859.95
010    @a978-7-5680-6210-7@b精装@dCNY128.00
100    @a20201119d2020 em y0chiy50 ea
101 0  @achi
102    @aCN@b420000
105    @aa z 000yy
200 1  @a大数据驱动的智能车间运行分析与决策方法@9da shu ju qu dong de zhi neng che jian yun xing fen xi yu jue ce fang fa@f张洁,秦威,高亮著
210    @a武汉@c华中科技大学出版社@d2020
215    @a249页@c彩照,图@d24cm
225 1  @a智能制造与机器人理论及技术研究丛书@v28@f丁汉,孙容磊总主编
300    @a国家出版基金项目 国家出版基金资助项目 “十三五”国家重点图书出版规划项目
330    @a本书对制造大数据的基本概念进行了梳理,对车间制造大数据的感知、通信、处理和平台技术,以及建模、分析方法和决策服务开展了探索,介绍了海量、高维、多源、异构制造数据清洗去噪等预处理方法、统一建模与融合方法、动态制造数据多尺度时序分析方法、制造数据的关系网络模型、车间性能预测方法与运行调控机制,并对大数据在典型制造行业的应用做了初步尝试,旨在为车间生产从自动化、数字化迈向智能化奠定坚实的理论和技术基础。
461  0 @12001 @a智能制造与机器人理论及技术研究丛书
606 0  @a车间管理@x智能制造系统@x研究
690    @aF406.6@v5
690    @aF406@v4
701  0 @a张洁@9zhang jie@4著
701  0 @a秦威@9qin wei@4著
701  0 @a高亮@9gao liang@4著
801  0 @aCN@b91MARC@c20201122
905    @aZUCC@dF406@e101
    
    大数据驱动的智能车间运行分析与决策方法/张洁,秦威,高亮著.-武汉:华中科技大学出版社,2020
    249页:彩照,图;24cm.-(智能制造与机器人理论及技术研究丛书;28/丁汉,孙容磊总主编)
    国家出版基金项目 国家出版基金资助项目 “十三五”国家重点图书出版规划项目
    
    ISBN 978-7-5680-6210-7(精装):CNY128.00
    本书对制造大数据的基本概念进行了梳理,对车间制造大数据的感知、通信、处理和平台技术,以及建模、分析方法和决策服务开展了探索,介绍了海量、高维、多源、异构制造数据清洗去噪等预处理方法、统一建模与融合方法、动态制造数据多尺度时序分析方法、制造数据的关系网络模型、车间性能预测方法与运行调控机制,并对大数据在典型制造行业的应用做了初步尝试,旨在为车间生产从自动化、数字化迈向智能化奠定坚实的理论和技术基础。
●
相关链接 在五车中查询图书 在当当中查询图书 在豆瓣中查询图书


正题名:大数据驱动的智能车间运行分析与决策方法     索取号:F406/101         预约/预借

序号 登录号 条形码 馆藏地/架位号 状态 备注
1 2000904895   2000904895   第三书库/ [索取号:F406/101] 在馆    
2 2000904896   2000904896   第三书库/ [索取号:F406/101] 在馆    
3 2000904897   2000904897   第三书库/ [索取号:F406/101] 在馆    
山东省滨州职业学院图书馆 欢迎您!
大连网信软件有限公司© 版权所有